00422nam a22001577a 450000500170000001000150001702000260003203500140005803700130007208200130008510000150009824500430011326000420015627000340019830000320023220170616145051.0 aENG-118726 a9788192060804c290.00 aEN-102258 bDBAD/PUB a658.1511 aPrasad, G. aAccounting for managers/cby G. Prasad aGunturbJai Bharath Publishers c2013 a2/18 Brodiepet, Guntur-522002 aVarious Pagingsc26cm.(pbk)